| 000 | 00922nam a22002057a 4500 | ||
|---|---|---|---|
| 999 |
_c8204 _d8204 |
||
| 001 | 21672 | ||
| 003 | BD-DhUAP | ||
| 005 | 20220803114240.0 | ||
| 008 | 220803b২০১১২০১৬bg ||||| |||| 00| 0 ben d | ||
| 020 | _a98484660142 | ||
| 040 |
_aBD-DhUAP _bBen _cBD-DhUAP _dBD-DhUAP _eBD-DhUAP |
||
| 082 |
_223 _a347.05 MIA |
||
| 100 | _aমিয়া,বিচারপতি ছিদ্দিকুর রহমান । | ||
| 245 |
_aআদালতের ব্যবহারিক কাযবিধি ও পদ্ধতি : _b(দেওয়ানী ও ফৌজদারী) / _cবিচারপতি ছিদ্দিকুর রহমান মিয়া । |
||
| 260 |
_aঢাকা : _bনিউ ওয়াসী বুক কপোরেশন, _c২০১৬ । |
||
| 300 | _a৮৭৯পৃ: | ||
| 650 | _aফৌজদারী মামলা | ||
| 650 | _aআইন | ||
| 942 |
_2ddc _cBK |
||